000
00281nam a22001217a 4500
008
180911b xxu||||| |||| 00| 0 eng d
041
_a
eng
080
_a
370
100
_a
38
101
_a
GJU
245
_a
Strategies To Achieve Readings Success
_c
Jakiera.S
942
_2
udc
_c
BK
999
_c
47669
_d
47669